<?xml version="1.0" encoding="UTF-8"?>
<record
    xmlns:xsi="http://www.w3.org/2001/XMLSchema-instance"
    xsi:schemaLocation="http://www.loc.gov/MARC21/slim http://www.loc.gov/standards/marcxml/schema/MARC21slim.xsd"
    xmlns="http://www.loc.gov/MARC21/slim">

  <leader>01156nam a2200301 a 4500</leader>
  <controlfield tag="001">1606205</controlfield>
  <controlfield tag="003">CO-ViMGA</controlfield>
  <controlfield tag="005">20230915233610.0</controlfield>
  <controlfield tag="008">190626s2019    ck a   gr     0001c spa d</controlfield>
  <datafield tag="020" ind1=" " ind2=" ">
    <subfield code="a">9789583057502</subfield>
  </datafield>
  <datafield tag="040" ind1=" " ind2=" ">
    <subfield code="a">CO-ViMGA</subfield>
    <subfield code="b">spa</subfield>
    <subfield code="c">CO-ViMGA</subfield>
  </datafield>
  <datafield tag="043" ind1=" " ind2=" ">
    <subfield code="a">e-uk-en</subfield>
  </datafield>
  <datafield tag="082" ind1="0" ind2="4">
    <subfield code="a">741.5942 </subfield>
    <subfield code="b">D61h1 </subfield>
    <subfield code="2">19</subfield>
  </datafield>
  <datafield tag="100" ind1="0" ind2=" ">
    <subfield code="a">Dobbs.</subfield>
    <subfield code="9">376</subfield>
  </datafield>
  <datafield tag="245" ind1="1" ind2="3">
    <subfield code="a">La maquina del tiempo / </subfield>
    <subfield code="c">guion Dobbs ; dibujos y color Mathieu Moreau ; traducci&#xF3;n del frances Juan Merino.</subfield>
  </datafield>
  <datafield tag="250" ind1=" " ind2=" ">
    <subfield code="a">Edici&#xF3;n Luisa Noguera Arrieta.</subfield>
  </datafield>
  <datafield tag="260" ind1=" " ind2=" ">
    <subfield code="a">Bogot :&#x300; </subfield>
    <subfield code="b">Panamericana Editorial, </subfield>
    <subfield code="c">2019.</subfield>
  </datafield>
  <datafield tag="300" ind1=" " ind2=" ">
    <subfield code="a">55 p&#xE1;ginas : </subfield>
    <subfield code="b">ilustraciones ; </subfield>
    <subfield code="c">26 cm.</subfield>
  </datafield>
  <datafield tag="490" ind1="0" ind2=" ">
    <subfield code="a">Com&#x324;ic Panamericana</subfield>
  </datafield>
  <datafield tag="534" ind1=" " ind2=" ">
    <subfield code="p">Tt&#x315;ulo original : </subfield>
    <subfield code="t">La machine  &#x1EBB;xplorer le temps.</subfield>
  </datafield>
  <datafield tag="600" ind1="1" ind2="4">
    <subfield code="a">Wells, Herbert George, </subfield>
    <subfield code="d">1866-1946. </subfield>
    <subfield code="t">La m&#xE1;quina del tiempo</subfield>
    <subfield code="v"> Adaptaciones gr&#xE1;ficas.</subfield>
    <subfield code="9">377</subfield>
  </datafield>
  <datafield tag="650" ind1="1" ind2="4">
    <subfield code="a">Novela de ciencia ficci&#xF3;n.</subfield>
    <subfield code="9">378</subfield>
  </datafield>
  <datafield tag="650" ind1="1" ind2="4">
    <subfield code="a">Novela gr&#xE1;fica inglesa.</subfield>
    <subfield code="9">379</subfield>
  </datafield>
  <datafield tag="700" ind1="1" ind2=" ">
    <subfield code="a">Merino Castrillo, Juan Fernando, </subfield>
    <subfield code="d">1954-, </subfield>
    <subfield code="e">traductor.</subfield>
    <subfield code="9">381</subfield>
  </datafield>
  <datafield tag="700" ind1="1" ind2=" ">
    <subfield code="a">Moreau, Mathieu, </subfield>
    <subfield code="e">ilustrador.</subfield>
    <subfield code="9">380</subfield>
  </datafield>
  <datafield tag="700" ind1="1" ind2=" ">
    <subfield code="a">Noguera Arrieta, Luisa Margarita, </subfield>
    <subfield code="e">editora.</subfield>
    <subfield code="9">74</subfield>
  </datafield>
  <datafield tag="942" ind1=" " ind2=" ">
    <subfield code="2">ddc</subfield>
    <subfield code="c">BK</subfield>
  </datafield>
  <datafield tag="999" ind1=" " ind2=" ">
    <subfield code="c">37217</subfield>
    <subfield code="d">37217</subfield>
  </datafield>
  <datafield tag="952" ind1=" " ind2=" ">
    <subfield code="0">0</subfield>
    <subfield code="1">0</subfield>
    <subfield code="2">ddc</subfield>
    <subfield code="4">0</subfield>
    <subfield code="7">0</subfield>
    <subfield code="8">002</subfield>
    <subfield code="a">MEVIECAR</subfield>
    <subfield code="b">MEVIECAR</subfield>
    <subfield code="d">2020-03-18</subfield>
    <subfield code="l">0</subfield>
    <subfield code="o">741.5942 D61h1 </subfield>
    <subfield code="p">32208</subfield>
    <subfield code="r">2020-03-18 00:00:00</subfield>
    <subfield code="w">2020-03-18</subfield>
    <subfield code="y">BK</subfield>
  </datafield>
  <datafield tag="952" ind1=" " ind2=" ">
    <subfield code="0">0</subfield>
    <subfield code="1">0</subfield>
    <subfield code="2">ddc</subfield>
    <subfield code="4">0</subfield>
    <subfield code="7">0</subfield>
    <subfield code="8">002</subfield>
    <subfield code="a">MEVIECAR</subfield>
    <subfield code="b">MEVIECAR</subfield>
    <subfield code="d">2020-03-18</subfield>
    <subfield code="l">0</subfield>
    <subfield code="o">741.5942 D61h1 </subfield>
    <subfield code="p">32209</subfield>
    <subfield code="r">2020-03-18 00:00:00</subfield>
    <subfield code="w">2020-03-18</subfield>
    <subfield code="y">BK</subfield>
  </datafield>
</record>
